00703nam a2200157 a 4500008004100000050002400041100001700065245016000082260006700242300000900309490004800318500007000366650002700436650002800463710005400491120830s2008 ||||||||||||||||| || u aRIHN(08)SERS/2008/1 aMwale, Moses10aSynthesis of soil management options for better targeting of technologies and ecological resilience under variable environmental conditionscBy Moses Mwale aKyotobResearch Institute for Humanity and Nature (RIHN)c2008 a13p. aSocial-Ecological Resilience Working Papers aWorking Paper on Social-Ecological Resilience Series No. 2008-001 aSOIL FERTILITY--ZAMBIA aSOIL MANAGEMENT--ZAMBIA aResearch Institute for Humanity and Nature (RIHN)